Abstrak skripsi sarjana & karya tulis keahlian Universitas Indonesia tahun 1979

Bibliographic Details
Main Author: Somadikarta, S. (Author)
Format: Book
Published: Jakarta : Penerbit Universitas Indonesia , 1980
Subjects:

MARC

LEADER 00000cam a2200000 7i4500
001 0000007401
005 20071204093000.0
008 021119n
020 |a 01263536 
090 0 0 |a LG181.I5   |b A27 
245 0 0 |a Abstrak skripsi sarjana & karya tulis keahlian Universitas Indonesia tahun 1979   |c ketua redaksi, S. Somadikarta 
260 2 |a Jakarta :   |b Penerbit Universitas Indonesia ,   |c 1980 
300 |a 401 ms. ; ;   |c 22 sm. 
610 0 0 |a Universitas Indonesia   |v Bibliography 
650 0 |a Dissertations, Academic   |z Indonesia   |x Bibliography 
700 0 |a Somadikarta, S. ,   |e author 
999 |a 1000042151   |b Book   |c Reference   |e Gong Badak Campus 
999 |a 1000042152   |b Book   |c Reference   |e Gong Badak Campus